000
00274nam a22001217a 4500
003
SGT
082
_a
617.51
_b
A11S
100
_a
SATALOFF, ROBERT T.
245
_a
ATLAS OF ENDOSCOPIC LARYNGEAL SURGERY
260
_a
INDIA
_b
JAYPEE
_c
2011
300
_a
263
942
_2
ddc
_c
BK
999
_c
14882
_d
14882